000 00191nam a2200085Ia 4500
008 120527s9999 xx 000 0 und d
100 _aGENOSKO, G.
245 _aUndiscipline theory
942 _cBK
999 _c25751
_d25751